How to live as a muslim (Record no. 553648)
[ view plain ]
| 000 -LEADER | |
|---|---|
| fixed length control field | 00527cam a22001694a 4500 |
| 082 00 - DEWEY DECIMAL CLASSIFICATION NUMBER | |
| Classification number | 297.2 |
| Author Mark | THA |
| 100 1# - MAIN ENTRY--PERSONAL NAME | |
| Personal name | Thanvi,Maulana Ashraf Ali. |
| 9 (RLIN) | 50902 |
| 245 10 - TITLE STATEMENT | |
| Title | How to live as a muslim |
| 260 ## - PUBLICATION, DISTRIBUTION, ETC. | |
| Place of publication, distribution, etc. | Rawalpindi, |
| Name of publisher, distributor, etc. | Service books club, |
| Date of publication, distribution, etc. | 2003. |
| 300 ## - PHYSICAL DESCRIPTION | |
| Extent | 282 p. ; |
| Dimensions | 24 cm. |
| 526 ## - STUDY PROGRAM INFORMATION NOTE | |
| Program name | 0 |
| Interest level | 0 |
| Reading level | 0 |
| Title point value | 297_200000000000000_THA |
| 526 ## - STUDY PROGRAM INFORMATION NOTE | |
| Program name | 0 |
| Interest level | 0 |
| Reading level | 0 |
| Title point value | 297_200000000000000_THA |
| 526 ## - STUDY PROGRAM INFORMATION NOTE | |
| Program name | 0 |
| Interest level | 0 |
| Reading level | 0 |
| Title point value | 297_200000000000000_THA |
| 650 #0 - SUBJECT ADDED ENTRY--TOPICAL TERM | |
| Topical term or geographic name entry element | Islam |
| General subdivision | Customs and practices. |
| 9 (RLIN) | 50903 |
| 650 #0 - SUBJECT ADDED ENTRY--TOPICAL TERM | |
| Topical term or geographic name entry element | Islam |
| General subdivision | Doctrines. |
| 9 (RLIN) | 1634 |
| 942 ## - ADDED ENTRY ELEMENTS (KOHA) | |
| Source of classification or shelving scheme | |
| Koha item type | Book |
| Withdrawn status | Lost status | Source of classification or shelving scheme | Damaged status | Not for loan | Permanent Location | Current Location | Date acquired | Total Checkouts | Full call number | Barcode | Date last seen | Date last checked out | Price effective from | Koha item type |
|---|---|---|---|---|---|---|---|---|---|---|---|---|---|---|
| Military College of Engineering (MCE) | Military College of Engineering (MCE) | 02/16/2016 | 1 | 297.2 THA | MCE-50249 | 11/23/2020 | 11/05/2020 | 02/16/2016 | Book | |||||
| Military College of Engineering (MCE) | Military College of Engineering (MCE) | 02/16/2016 | 297.2 THA | MCE-50248 | 02/16/2016 | 02/16/2016 | Book | |||||||
| Military College of Engineering (MCE) | Military College of Engineering (MCE) | 06/12/2017 | 297.2 THA | MCE-184M | 07/18/2017 | 06/12/2017 | Book |
